Loreto College Library, Kolkata
WEBOPAC (ONLINE PUBLIC ACCESS CATALOGUE)

An Introduction to psychological tests and scales (Record no. 12872)

MARC details
000 -LEADER
fixed length control field 00661nam a2200229Ia 4500
005 - DATE AND TIME OF LATEST TRANSACTION
control field 20220929144959.0
008 - FIXED-LENGTH DATA ELEMENTS--GENERAL INFORMATION
fixed length control field 131103s9999 xx 000 0 und d
020 ## - ISBN | অাই এস বি এন
ISBN | অাই এস বি এন 1841691399
PRICE Rs 350
040 ## - CATALOGING SOURCE
Original cataloging agency Loreto College
041 ## - LANGUAGE CODE
Language code English
082 ## - DDC | ডিউই
Classification number | বর্গসংখ্যা 150.287
Book Number | গ্রন্থাঙ্ক LOE
100 ## - MAIN ENTRY--PERSONAL NAME | মুখ্য সংলেখ - ব্যাক্তিনাম
Personal name | ব্যাক্তিনাম Loewenthal, Kate Miriam
245 #3 - TITLE STATEMENT | অাখ্যা বিবরণী
Title | অাখ্যা An Introduction to psychological tests and scales
Statement of responsibility | লেখকের দায়িত্বের বিবরণ Kate Miriam Loeenthal
250 ## - EDITION STATEMENT | সংস্করণ ক্ষেত্র
Edition statement | সংস্করণ 2nd ed
260 ## - IMPRINT | প্রকাশনা ক্ষেত্র
Place of publication | প্রকাশ স্থান East Sussex, UK
Name of publisher | প্রকাশকের নাম Psychology Press Ltd.
Date of publication | প্রকাশ কাল 2001
300 ## - PHYSICAL DESCRIPTION |
Page / Vol. No | পৃষ্ঠা / খন্ড সংখ্যা xii,172p
504 ## - BIBLIOGRAPHY, ETC. NOTE
Bibliography, etc Includes bibliographical references and index
650 ## - SUBJECT ADDED ENTRY--TOPICAL TERM | বিষয় শিরোনাম - মূল বিষয়
Topical term | মূল বিষয় Psychological Tests
651 ## - SUBJECT ADDED ENTRY--GEOGRAPHIC NAME | বিষয় শিরোনাম - ভৌগলিক নাম
Geographic name | ভৌগলিক বিষয় Psychology
850 ## - HOLDING INSTITUTION
Holding institution LCLIB
942 ## - ADDED ENTRY ELEMENTS (KOHA)
Koha item type Books
Holdings
Withdrawn status Lost status Source of classification Damaged status Not for loan Home library Current library Date acquired Total Checkouts Full call number Accession No. Date last seen Price effective from Koha item type Coded location qualifier Checked out Date checked out
    Dewey Decimal Classification     Loreto College Loreto College 04/11/2013   150.287 LOE 44755 B12866 04/11/2013 04/11/2013 Books      
    Dewey Decimal Classification     Loreto College Loreto College 04/11/2013   150.287 LOE 45006 B15207 04/11/2013 04/11/2013 Books      
    Dewey Decimal Classification     Loreto College Loreto College 04/11/2013 2 150.287 LOE 46252 B19240 27/02/2026 04/11/2013 Books   29/03/2026 27/02/2026